Aus der türkischen Formenlehre

Elmentve itt :
Bibliográfiai részletek
Szerző: Räsänen Martti
Dokumentumtípus: Cikk
Megjelent: 1939
Sorozat:Suomalais-Ugrilaisen Seuran Aikakauskirja : Journal de la Société Finno-Ougrienne
Kulcsszavak:Török nyelvtörténet, Török nyelv - alaktan
Tárgyszavak:
Online Access:http://misc.bibl.u-szeged.hu/64341
LEADER 00783nab a2200217 i 4500
001 misc64341
005 20230531142520.0
008 230411s1939 hu o 0|| ger d
040 |a SZTE Miscellanea Repozitórium  |b hun 
041 |a ger 
100 1 |a Räsänen Martti 
245 1 4 |a Aus der türkischen Formenlehre  |h [elektronikus dokumentum] /  |c  Räsänen Martti 
260 |c 1939 
300 |a 10 p.  |c 25 cm 
490 0 |a Suomalais-Ugrilaisen Seuran Aikakauskirja : Journal de la Société Finno-Ougrienne 
561 |a Németh Gyula hagyaték 
591 |a NOA 4773 
650 4 |a Bölcsészettudományok 
650 4 |a Nyelvek és irodalom 
695 |a Török nyelvtörténet, Török nyelv - alaktan 
856 4 0 |u http://misc.bibl.u-szeged.hu/64341/1/4773_noa.pdf  |z Dokumentum-elérés